Normal view
MARC view
Entry Topical Term
001 - CONTROL NUMBER
- control field: 39595
003 - CONTROL NUMBER IDENTIFIER
- control field: ARRUPE
005 - DATE AND TIME OF LATEST TRANSACTION
- control field: 20180226114241.0
008 - FIXED-LENGTH DATA ELEMENTS
- fixed length control field: 180226|| aca||aabn | a|a d
040 ## - CATALOGING SOURCE
- Original cataloging agency: ARRUPE
- Transcribing agency: ARRUPE
150 ## - HEADING--TOPICAL TERM
- Topical term or geographic name as entry element: Psychoanalysis
670 ## - SOURCE DATA FOUND
- Source citation: Work cat.: (ARRUPE): Roheim, Geza 39592, Psychanalyse et anthropologie, 1967